Máximas y aforismos de Juan Bosch / (Registro nro. 14076)

Detalles MARC
000 -LIDER
fixed length control field 00902nam a22002777a 4500
003 - IDENTIFICACDOR DE NÚMERO DE CONTROL
control field DO-SdBNP
005 - DATE AND TIME OF LATEST TRANSACTION
control field 20220315093211.0
007 - CAMPOS FIJOS DE DESCRIPCIÓN FÍSICA
fixed length control field ta
008 - ELEMENTOS DE LONGITUD FIJA
fixed length control field 210903e2018 dr a|||er|||| 001 e spa d
020 ## - ISBN
International Standard Book Number 9789945091359
040 ## - FUENTE DE CATALOGACIÓN
Agencia que crea de manera original el registro DO-SdBNP
Idioma de catalogación spa
Agencia que realiza la transcripción BPMSU
082 #4 - NÚMERO DE CLASIFICACIÓN DECIMAL DE DEWEY
Classification number 398.9
Item number B742J 1998
Edition number 22
100 1# - ASIENTO PRINCIPAL -- NOMBRE PERSONAL
Nombre personal Jáquez Gil, René,
Fechas asociadas con el nombre 1950-
245 10 - MENCIÓN DE TITULO
Título Máximas y aforismos de Juan Bosch /
Mención de responsabilidad René Jáquez Gil; ilustraciones Geo Ripley
260 ## - PUBLICACIÓN, DISTRIBUCIÓN, ETC. (PIE DE IMPRENTA)
Lugar de publicación, distribución, etc Santo Domingo :
Nombre del editor, distribuidor, etc. Soto Castillo,
Fecha de publicación, distribución, etc 1998
300 ## - DESCRIPCIÓN FÍSICA
Extensión 197 p.:
Otros detalles físicos il.;
Dimensiones cm
500 ## - NOTA GENERAL
Nota general Incluye datos biográficos del autor en la solapa de la cubierta
504 ## - NOTA DE BIBLIOGRAFÍA, ETC.
Bibliography, etc Bibliografía: p. 175-197
590 ## - NOTA LOCAL
Texto de la nota local Inventariado 2022/VM
600 10 - ENCABEZAMIENTO DE MATERIA--NOMBRE PERSONAL
Nombre personal Bosch, Juan,
Fechas asociadas con el nombre 1909-2001
Subdivisión de forma Citas, máximas, etc.
650 #4 - ENCABEZAMIENTO DE MATERIA--TEMÁTICO
Término temático o nombre geográfico como elemento de entrada Máximas
650 #4 - ENCABEZAMIENTO DE MATERIA--TEMÁTICO
Término temático o nombre geográfico como elemento de entrada Aforismos y apotegmas
700 12 - ASIENTO SECUNDARIO -- NOMBRE PERSONAL
Nombre personal Repley, Geo
Fechas asociadas con el nombre 1954-
Mención de responsabilidad fotografía
910 ## - VALIDACIÓN
Validación VMateo V.
942 ## - ADDED ENTRY ELEMENTS (KOHA)
Source of classification or shelving scheme Dewey Decimal Classification
Koha item type Libros
Existencias
Withdrawn status Lost status Source of classification or shelving scheme Damaged status Not for loan Collection code Home library Current library Date acquired Source of acquisition Total Checkouts Full call number Barcode Date last seen Price effective from Koha item type Copy number
    Dewey Decimal Classification     Colección Dominicana Biblioteca Pública Metropolitana Salomé Ureña Biblioteca Pública Metropolitana Salomé Ureña 03/15/2022 Fundacón Juan Bosch   BPMSU CD 398.9 B742J 1998 BPMSU22030037 03/15/2022 03/15/2022 Libros  
    Dewey Decimal Classification     Colección Dominicana Biblioteca Pública Metropolitana Salomé Ureña Biblioteca Pública Metropolitana Salomé Ureña 03/15/2022 Fundacón Juan Bosch   BPMSU CD 398.9 B742J 1998 BPMSU22030038 03/15/2022 03/15/2022 Libros e.2